01140nam a2200265 a 450000100100000000500170001000800410002702000180006804000250008610000370011124000770014824501750022524600710040026000270047130000210049849000270051950400210054650400730056750000210064070000220066170000370068383000320072095201050075299900170085700004057220240502094959.0130902s2012 sp 000 0 spa d a9788446031796 aDO-SdBNPbspacBNPHU1 aCastro, Fideld 1926-201691697110aTítulo original : Fidel Castro. The declarations of Havana.lespañol10aLas declaraciones de la Habana /cFidel Castro ; introducción a cargo de Tariq Ali ; traducción de la introducción, notas y cronología de Carlos Prieto del Campo.14aTariq Ali presenta a Fidel castro : Las declaraciones de la Habana aMadrid :bAkal,c2012. a157 p. ;c18 cm.1 aAkal Revoluciones ;v7 aBibliografía : aIncluye referencias bibliográficas y notas al pie de las páginas aIncluye índice1 aAli, Tariq9669001 aPrieto Campo, Carlosetr.966901 0aAkal Revolucionesn7966902 001050718MOaGRbGRcCTd2013-09-02iLF1l0o p40572-10r2020-06-25w2020-06-25y1ZNo se presta c40062d40062